Administración en las organizaciones: enfoque de sistemas y de contingencias
Saved in:
| Main Authors: | , |
|---|---|
| Format: | Book |
| Language: | Spanish |
| Published: |
Ciudad de México
McGraw-Hill
1987
|
| Edition: | 2a. ed |
| Subjects: | |
| Tags: |
Add Tag
No Tags, Be the first to tag this record!
|
MARC
| LEADER | 00000cam a2200000 a 4500 | ||
|---|---|---|---|
| 001 | UCW8204 | ||
| 003 | CL-VaPUC | ||
| 008 | 880713e19870000MX |||||||||||||||||spa|d | ||
| 020 | |a 9684514492 | ||
| 082 | 0 | 4 | |a 658 |b KAS |2 21 |
| 100 | |a Kast, Freemont Ellsworth |e author |9 412195 | ||
| 700 | 0 | |a Rosenzweig, James Erwin |e author |9 313334 | |
| 245 | 1 | 0 | |a Administración en las organizaciones: enfoque de sistemas y de contingencias |
| 250 | |a 2a. ed | ||
| 300 | |a 754 p | ||
| 942 | |c BK | ||
| 945 | |d 19880713 00:00:00 | ||
| 260 | |a Ciudad de México |b McGraw-Hill |c 1987 | ||
| 650 | 0 | |a Administración |9 259325 | |
| 650 | 0 | |a Organización |9 256369 | |
| 583 | |a last modification |c 20170303 01:21:40 |k Rodrigo Vera | ||
| 999 | |c 220661 |d 220659 | ||
| 952 | |0 0 |1 0 |4 0 |6 658_000000000000000_KAS_1987 |7 0 |8 A |9 213167 |a BIBENE |b BIBENE |d 2019-11-15 |i 2814927 |o 658 KAS 1987 |p 2814927 |r 2025-01-15 |w 2019-11-15 |y BK |k ICO | ||
| 952 | |0 0 |1 0 |4 0 |6 658_000000000000000_KAS_1987 |7 0 |8 A |9 213168 |a BIBENE |b BIBENE |d 2019-11-15 |i 2814935 |o 658 KAS 1987 |p 2814935 |r 2025-01-15 |w 2019-11-15 |y BK |k ICO | ||
| 952 | |0 0 |1 0 |4 0 |6 658_000000000000000_KAS_1987 |7 0 |8 A |9 213169 |a BIBENE |b BIBENE |d 2019-11-15 |i 2814943 |o 658 KAS 1987 |p 2814943 |r 2025-01-15 |w 2019-11-15 |y BK |k ICO | ||
| 952 | |0 0 |1 0 |4 0 |6 658_000000000000000_KAS_1987 |7 0 |8 A |9 213170 |a BIBENE |b BIBENE |d 2019-11-15 |i 2814951 |o 658 KAS 1987 |p 2814951 |r 2025-01-15 |w 2019-11-15 |y BK |k ICO | ||
| 952 | |0 0 |1 0 |4 0 |6 658_000000000000000_KAS_1987 |7 0 |8 A |9 213171 |a BIBENE |b BIBENE |d 2019-11-15 |i 281496K |o 658 KAS 1987 |p 281496K |r 2025-01-15 |w 2019-11-15 |y BK |k ICO | ||
| 952 | |0 0 |1 0 |4 0 |6 658_000000000000000_KAS_1987 |7 0 |8 A |9 213172 |a BIBENE |b BIBENE |d 2019-11-15 |i 2814978 |o 658 KAS 1987 |p 2814978 |r 2025-01-15 |w 2019-11-15 |y BK |k ICO | ||
| 952 | |0 0 |1 0 |4 0 |6 658_000000000000000_KAS_1987 |7 0 |8 A |9 213173 |a BIBGIM |b BIBGIM |d 2019-11-15 |i 2714248 |o 658 KAS 1987 |p 2714248 |r 2025-01-15 |w 2019-11-15 |y BK |k COM | ||
| 952 | |0 0 |1 0 |4 0 |6 658_000000000000000_KAS_1987 |7 0 |8 A |9 213174 |a BIBEDU |b BIBEDU |d 2019-11-15 |i 2743604 |o 658 KAS 1987 |p 2743604 |r 2019-11-15 |w 2019-11-15 |y BK |k EDU | ||
| 952 | |0 0 |1 0 |4 0 |6 658_000000000000000_KAS_1987 |7 0 |8 A |9 213175 |a BIBING |b BIBING |d 2019-11-15 |i 4338049 |o 658 KAS 1987 |p 4338049 |r 2025-01-20 |w 2019-11-15 |y BK |k CCI | ||
| 952 | |0 0 |1 0 |3 erb |4 0 |6 658_000000000000000_KAS_1987 |7 0 |8 A |9 213176 |a BIBENE |b BIBENE |i 5329124 |o 658 KAS 1987 |p 5329124 |r 2025-01-15 |w 2019-11-15 |y BK |z Catalogado en:20170303 |k ICO | ||